| 000 | 01552nam a2200373 a 4500 | ||
|---|---|---|---|
| 001 | ebr10310799 | ||
| 003 | CaPaEBR | ||
| 006 | m u | ||
| 007 | cr cn||||||||| | ||
| 008 | 080930s2008 enkabf sb 001 0aeng d | ||
| 010 | _z 2008298710 | ||
| 015 |
_aGBA771466 _2bnb |
||
| 016 | 7 |
_z013834379 _2Uk |
|
| 020 | _z9781845114947 (hbk.) | ||
| 020 | _z1845114949 (hbk.) | ||
| 040 |
_aCaPaEBR _cCaPaEBR |
||
| 035 | _a(OCoLC)471126703 | ||
| 043 |
_ae-uk--- _af-nr--- |
||
| 050 | 1 | 4 |
_aTP369.52.H39 _bH39 2008eb |
| 082 | 0 | 4 |
_a966.903092 _222 |
| 100 | 1 |
_aHayward, Alan, _d1916- |
|
| 245 | 1 | 0 |
_aAfrica called _h[electronic resource] : _bscience and development in Nigeria / _cAlan Hayward. |
| 260 |
_aLondon ; _aNew York : _bRadcliffe Press ; _aNew York : _bIn the United States and in Canada distributed by Palgrave Macmillan, _cc2008. |
||
| 300 |
_axxiv, 198 p., [8] p. of plates : _bill. (some col.), maps. |
||
| 504 | _aIncludes bibliographical references (p. [189]-190) and index. | ||
| 533 |
_aElectronic reproduction. _bPalo Alto, Calif. : _cebrary, _d2013. _nAvailable via World Wide Web. _nAccess may be limited to ebrary affiliated libraries. |
||
| 600 | 1 | 0 |
_aHayward, Alan, _d1916- |
| 650 | 0 |
_aFood engineers _zGreat Britain _vBiography. |
|
| 650 | 0 |
_aFood engineers _zNigeria _vBiography. |
|
| 650 | 0 |
_aBritish _zNigeria _vBiography. |
|
| 655 | 7 |
_aElectronic books. _2local |
|
| 710 | 2 | _aebrary, Inc. | |
| 856 | 4 | 0 |
_uhttp://site.ebrary.com/lib/rucke/Doc?id=10310799 _zAn electronic book accessible through the World Wide Web; click to view |
| 999 |
_c62127 _d62127 |
||